<?xml version="1.0" encoding="UTF-8"?>
<record
    xmlns:xsi="http://www.w3.org/2001/XMLSchema-instance"
    xsi:schemaLocation="http://www.loc.gov/MARC21/slim http://www.loc.gov/standards/marcxml/schema/MARC21slim.xsd"
    xmlns="http://www.loc.gov/MARC21/slim">

  <leader>00917nam a22002777a 4500</leader>
  <controlfield tag="001">000480</controlfield>
  <controlfield tag="003">DO-SdBNP</controlfield>
  <controlfield tag="005">20240917124813.0</controlfield>
  <controlfield tag="007">000480</controlfield>
  <controlfield tag="008">160906b2003 ck ||| 00| 0 spa d</controlfield>
  <datafield tag="020" ind1=" " ind2=" ">
    <subfield code="a">9586771679</subfield>
  </datafield>
  <datafield tag="040" ind1=" " ind2=" ">
    <subfield code="a">BPMSU</subfield>
    <subfield code="b">spa</subfield>
    <subfield code="c">BPMSU</subfield>
  </datafield>
  <datafield tag="082" ind1=" " ind2="4">
    <subfield code="a">796.1</subfield>
    <subfield code="b">M678j 2003</subfield>
    <subfield code="2">22</subfield>
  </datafield>
  <datafield tag="245" ind1="0" ind2="0">
    <subfield code="a">Mis juegos preferidos /</subfield>
    <subfield code="c">Editor Gustavo de Elorza ; ilustraci&#xF3;n Magaly Mart&#xED;nez... [y otros] ; compilaci&#xF3;n Mar&#xED;a Elena Sanabria </subfield>
  </datafield>
  <datafield tag="246" ind1="1" ind2="4">
    <subfield code="a">Mis canciones y juegos preferidos </subfield>
  </datafield>
  <datafield tag="260" ind1=" " ind2=" ">
    <subfield code="a">Colombia :</subfield>
    <subfield code="b">Zamora Ediciones, </subfield>
    <subfield code="c">2003</subfield>
  </datafield>
  <datafield tag="300" ind1=" " ind2=" ">
    <subfield code="a">156 p. :</subfield>
    <subfield code="b">ils. ;</subfield>
    <subfield code="c">28 cm. </subfield>
  </datafield>
  <datafield tag="590" ind1=" " ind2=" ">
    <subfield code="a">Inventariado, 2024/VM</subfield>
  </datafield>
  <datafield tag="650" ind1=" " ind2="4">
    <subfield code="a">Juegos infantiles.</subfield>
  </datafield>
  <datafield tag="650" ind1=" " ind2="4">
    <subfield code="a">Poes&#xED;a infantil </subfield>
    <subfield code="v">Colecciones</subfield>
  </datafield>
  <datafield tag="700" ind1="1" ind2=" ">
    <subfield code="a">Elorza, Gustavo de </subfield>
  </datafield>
  <datafield tag="700" ind1="1" ind2=" ">
    <subfield code="a"> Mart&#xED;nez, Magaly</subfield>
    <subfield code="e">ilustraciones </subfield>
  </datafield>
  <datafield tag="700" ind1="1" ind2=" ">
    <subfield code="a">Sanabria, Mar&#xED;a Elena </subfield>
    <subfield code="e">compiladora </subfield>
  </datafield>
  <datafield tag="910" ind1=" " ind2=" ">
    <subfield code="a">VMateo V. Control de calidad. BPMSU</subfield>
  </datafield>
  <datafield tag="942" ind1=" " ind2=" ">
    <subfield code="2">ddc</subfield>
    <subfield code="c">BK</subfield>
  </datafield>
  <datafield tag="952" ind1=" " ind2=" ">
    <subfield code="0">0</subfield>
    <subfield code="1">0</subfield>
    <subfield code="2">ddc</subfield>
    <subfield code="4">0</subfield>
    <subfield code="7">0</subfield>
    <subfield code="8">CI-G</subfield>
    <subfield code="a">BPMET</subfield>
    <subfield code="b">BPMET</subfield>
    <subfield code="d">2024-09-17</subfield>
    <subfield code="l">0</subfield>
    <subfield code="o">BPMSU CGI 790.1 M678j 2003</subfield>
    <subfield code="p">BPMSU24090047</subfield>
    <subfield code="r">2024-09-17</subfield>
    <subfield code="t">v.1</subfield>
    <subfield code="w">2024-09-17</subfield>
    <subfield code="y">BK</subfield>
  </datafield>
  <datafield tag="952" ind1=" " ind2=" ">
    <subfield code="0">0</subfield>
    <subfield code="1">0</subfield>
    <subfield code="2">ddc</subfield>
    <subfield code="4">0</subfield>
    <subfield code="7">0</subfield>
    <subfield code="8">CI-G</subfield>
    <subfield code="a">BPMET</subfield>
    <subfield code="b">BPMET</subfield>
    <subfield code="d">2024-09-17</subfield>
    <subfield code="l">0</subfield>
    <subfield code="o">BPMSU CGI 790.1 M678j 2003</subfield>
    <subfield code="p">BPMSU24090048</subfield>
    <subfield code="r">2024-09-17</subfield>
    <subfield code="t">v.3</subfield>
    <subfield code="w">2024-09-17</subfield>
    <subfield code="y">BK</subfield>
  </datafield>
  <datafield tag="952" ind1=" " ind2=" ">
    <subfield code="0">0</subfield>
    <subfield code="1">0</subfield>
    <subfield code="2">ddc</subfield>
    <subfield code="4">0</subfield>
    <subfield code="7">0</subfield>
    <subfield code="8">CI-G</subfield>
    <subfield code="a">BPMET</subfield>
    <subfield code="b">BPMET</subfield>
    <subfield code="d">2024-09-17</subfield>
    <subfield code="l">0</subfield>
    <subfield code="o">BPMSU CGI 790.1 M678j 2003</subfield>
    <subfield code="p">BPMSU24090049</subfield>
    <subfield code="r">2024-09-17</subfield>
    <subfield code="t">v.2</subfield>
    <subfield code="w">2024-09-17</subfield>
    <subfield code="y">BK</subfield>
  </datafield>
  <datafield tag="952" ind1=" " ind2=" ">
    <subfield code="0">0</subfield>
    <subfield code="1">0</subfield>
    <subfield code="2">ddc</subfield>
    <subfield code="4">0</subfield>
    <subfield code="7">0</subfield>
    <subfield code="8">CI-G</subfield>
    <subfield code="a">BPMET</subfield>
    <subfield code="b">BPMET</subfield>
    <subfield code="d">2024-09-17</subfield>
    <subfield code="l">0</subfield>
    <subfield code="o">BPMSU CGI 790.1 M678j 2003</subfield>
    <subfield code="p">BPMSU24090050</subfield>
    <subfield code="r">2024-09-17</subfield>
    <subfield code="t">v.3, e.2</subfield>
    <subfield code="w">2024-09-17</subfield>
    <subfield code="y">BK</subfield>
  </datafield>
  <datafield tag="952" ind1=" " ind2=" ">
    <subfield code="0">0</subfield>
    <subfield code="1">0</subfield>
    <subfield code="2">ddc</subfield>
    <subfield code="4">0</subfield>
    <subfield code="7">0</subfield>
    <subfield code="8">CI-G</subfield>
    <subfield code="a">BPMET</subfield>
    <subfield code="b">BPMET</subfield>
    <subfield code="d">2024-09-17</subfield>
    <subfield code="l">0</subfield>
    <subfield code="o">BPMSU CGI 790.1 M678j 2003</subfield>
    <subfield code="p">BPMSU24090051</subfield>
    <subfield code="r">2024-09-17</subfield>
    <subfield code="t">v.3, e.3</subfield>
    <subfield code="w">2024-09-17</subfield>
    <subfield code="y">BK</subfield>
  </datafield>
  <datafield tag="952" ind1=" " ind2=" ">
    <subfield code="0">0</subfield>
    <subfield code="1">0</subfield>
    <subfield code="2">ddc</subfield>
    <subfield code="4">0</subfield>
    <subfield code="7">0</subfield>
    <subfield code="8">CI-G</subfield>
    <subfield code="a">BPMET</subfield>
    <subfield code="b">BPMET</subfield>
    <subfield code="d">2024-09-17</subfield>
    <subfield code="l">0</subfield>
    <subfield code="o">BPMSU CGI 790.1 M678j 2003</subfield>
    <subfield code="p">BPMSU24090052</subfield>
    <subfield code="r">2024-09-17</subfield>
    <subfield code="t">v.1, e.2</subfield>
    <subfield code="w">2024-09-17</subfield>
    <subfield code="y">BK</subfield>
  </datafield>
  <datafield tag="952" ind1=" " ind2=" ">
    <subfield code="0">0</subfield>
    <subfield code="1">0</subfield>
    <subfield code="2">ddc</subfield>
    <subfield code="4">0</subfield>
    <subfield code="7">0</subfield>
    <subfield code="8">CI-G</subfield>
    <subfield code="a">BPMET</subfield>
    <subfield code="b">BPMET</subfield>
    <subfield code="d">2024-09-17</subfield>
    <subfield code="l">0</subfield>
    <subfield code="o">BPMSU CGI 790.1 M678j 2003</subfield>
    <subfield code="p">BPMSU24090053</subfield>
    <subfield code="r">2024-09-17</subfield>
    <subfield code="t">v.1, e.3</subfield>
    <subfield code="w">2024-09-17</subfield>
    <subfield code="y">BK</subfield>
  </datafield>
  <datafield tag="952" ind1=" " ind2=" ">
    <subfield code="0">0</subfield>
    <subfield code="1">0</subfield>
    <subfield code="2">ddc</subfield>
    <subfield code="4">0</subfield>
    <subfield code="7">0</subfield>
    <subfield code="8">CI-G</subfield>
    <subfield code="a">BPMET</subfield>
    <subfield code="b">BPMET</subfield>
    <subfield code="d">2024-09-17</subfield>
    <subfield code="l">0</subfield>
    <subfield code="o">BPMSU CGI 790.1 M678j 2003</subfield>
    <subfield code="p">BPMSU24090054</subfield>
    <subfield code="r">2024-09-17</subfield>
    <subfield code="t">v.2, e.2</subfield>
    <subfield code="w">2024-09-17</subfield>
    <subfield code="y">BK</subfield>
  </datafield>
  <datafield tag="952" ind1=" " ind2=" ">
    <subfield code="0">0</subfield>
    <subfield code="1">0</subfield>
    <subfield code="2">ddc</subfield>
    <subfield code="4">0</subfield>
    <subfield code="7">0</subfield>
    <subfield code="8">CI-G</subfield>
    <subfield code="a">BPMET</subfield>
    <subfield code="b">BPMET</subfield>
    <subfield code="d">2024-09-17</subfield>
    <subfield code="l">0</subfield>
    <subfield code="o">BPMSU CGI 790.1 M678j 2003</subfield>
    <subfield code="p">BPMSU24090055</subfield>
    <subfield code="r">2024-09-17</subfield>
    <subfield code="t">v.2, e.3</subfield>
    <subfield code="w">2024-09-17</subfield>
    <subfield code="y">BK</subfield>
  </datafield>
  <datafield tag="999" ind1=" " ind2=" ">
    <subfield code="c">14815</subfield>
    <subfield code="d">14815</subfield>
  </datafield>
</record>
